000 00976nas a2200289 4500
001 BR9703555
003 BR-BrBNA
005 20231205100318.0
007 ta
008 230509b bl.|||p| |||| 00| 00por d
040 _aBR-BrBNA
_bpor
_cBiblioteca Nacional de Agricultura
041 _a(Pt)
072 _aL72
100 1 _aMarques, A.O.
100 1 _aArantes, G.J.
100 1 _aSilva, C.R.
245 1 _aAvaliacao da eficacia da ivermectina a 1(solucao injetavel), no tratamento de bovinos naturalmente infestados pelo carrapato Boophilus microplus (Canestrini, 1887)(Acari: Ixodidae)e mantidos em pastagem
650 _aBoi
650 _aCarrapato
650 _aInfestacao
650 _aPesticida
650 _aMedicamento
650 _aControle Quimico
773 0 _tRevista Brasileira de Parasitologia Veterinaria (Brazil)
_xISSN 0103-846X
_g(Aug 1995), v. 4(2) p. 117-119
_wBR9703555
909 _a202311
_bLúcia
_c55
_dLúcia Elande
942 _2AGRIS
_n0
_cANA
999 _c155295
_d155295